000 00664cam a22002293a 4500
001 29701
003 PGUSA
005 20140828083637.0
008 090815s2009||||xxu|||||s|||||000 | eng d
040 _aPGUSA
_beng
042 _adc
050 4 _aRJ
100 1 _aWest, Charles,
_d1816-1898
245 1 4 _aThe Mother's Manual of Children's Diseases
_h[electronic resource] /
_cCharles West
260 _bProject Gutenberg,
_c2009
506 _aPublic domain in the USA.
516 _aElectronic text
653 _aPediatrics -- Handbooks, manuals, etc.
830 0 _aProject Gutenberg
_v29701
856 4 0 _uhttp://www.gutenberg.org/ebooks/29701
942 _cEB
999 _c258956
_d258956